Statistics for U.S. States Ranked by Largest City

Click here to take the quiz!

General Stats

  • This quiz has been taken 78 times
  • The average score is 15 of 50

Answer Stats

RankState% Correct
2California
98%
1New York
98%
3Illinois
92%
4Texas
90%
5Arizona
88%
6Pennsylvania
86%
7Florida
82%
8Ohio
56%
9North Carolina
48%
10Indiana
40%
11Washington
40%
50Vermont
36%
12Colorado
34%
49Wyoming
30%
16Massachusetts
28%
19Michigan
28%
14Tennessee
24%
20Maryland
22%
18Kentucky
20%
48Maine
20%
15Nevada
20%
13Oklahoma
20%
17Oregon
20%
24Georgia
18%
46West Virginia
18%
21Wisconsin
18%
23Missouri
16%
22New Mexico
16%
43North Dakota
16%
39Rhode Island
16%
37Arkansas
14%
47Delaware
14%
28Kansas
14%
44Montana
14%
38South Dakota
14%
30Hawaii
12%
33Idaho
12%
35Iowa
12%
27Minnesota
12%
25Nebraska
12%
45New Hampshire
12%
34Alabama
10%
29Louisiana
10%
42Mississippi
10%
31New Jersey
10%
40South Carolina
10%
36Utah
10%
26Virginia
10%
32Alaska
6%
41Connecticut
6%

Score Distribution

Percentile by Number Answered

Percent of People with Each Score

Your Score History

You have not taken this quiz